| 000 -ლიდერი |
| ფიქსირებული სიგრძის საკონტროლო ველი |
01264nam a22002297a 4500 |
| 003 - საკონტროლო ნომრის იდენტიფიკატორი |
| საკონტროლო ველი |
Ge_BSU |
| 005 - ბოლო ოპერაციის თარიღი და დრო |
| საკონტროლო ველი |
20240530165719.0 |
| 008 - ფიქსირებული სიგრძის მონაცემთა ელემენტები - ზოგადი ინფორმაცია |
| ფიქსირებული სიგრძის საკონტროლო ველი |
240530s1998 ge ||||| |||| 00| 0 geo d |
| 041 ## - ენის კოდი |
| Language code of text/sound track or separate title |
geo |
| 080 ## - უნივერსალური ათობითი კლასიფიკაციის ინდექსი |
| Universal Decimal Classification number |
61(076.3) ზ-76 |
| 245 ## - ცნობა სათაურის შესახებ |
| Title |
"ზოგადი პროფილის ექიმი-პროფილაქტიკოსი" : |
| Remainder of title |
სასერტიფიკაციო გამოცდის ტესტ-კითხვარი / |
| Statement of responsibility, etc |
შემდგ.: რ. სააკაძე, მ. ყურაშვილი, მ. ზურაბაშვილი [და სხვ.] ; რედ. ა. კეკელიძე |
| 264 ## - წარმოების, გამოცემის, დისტრიბუციის და სხვა ცნობები |
| გამოცემის, წარმოების, დისტრიბუციის... ადგილი |
თბ., |
| გამოცემის, წარმოების, დისტრიბუციის... თარიღი |
1998. |
| 300 ## - ფიზიკური აღწერა |
| Extent |
218 გვ. ; |
| Other physical details |
28 სმ. |
| 700 ## - ADDED ENTRY--PERSONAL NAME |
| Personal name |
სააკაძე, რ., |
| Relator term |
შემდგ. |
| 9 (RLIN) |
22252 |
| 700 ## - ADDED ENTRY--PERSONAL NAME |
| Personal name |
ყურაშვილი, მ., |
| Relator term |
შემდგ. |
| 9 (RLIN) |
22253 |
| 700 ## - ADDED ENTRY--PERSONAL NAME |
| Personal name |
ზურაბაშვილი, მ., |
| Relator term |
შემდგ. |
| 9 (RLIN) |
22254 |
| 700 ## - ADDED ENTRY--PERSONAL NAME |
| Personal name |
გელაშვილი, კლ., |
| Relator term |
შემდგ. |
| 9 (RLIN) |
22255 |
| 700 ## - ADDED ENTRY--PERSONAL NAME |
| Personal name |
თოდუა, თ., |
| Relator term |
შემდგ. |
| 9 (RLIN) |
22256 |
| 700 ## - ADDED ENTRY--PERSONAL NAME |
| Personal name |
მჭედლიშვილი, ი., |
| Relator term |
შემდგ. |
| 9 (RLIN) |
4853 |
| 700 ## - ADDED ENTRY--PERSONAL NAME |
| Personal name |
კეკელიძე, ა., |
| Relator term |
რედ. |
| 9 (RLIN) |
18726 |
| 942 ## - ADDED ENTRY ELEMENTS (KOHA) |
| Source of classification or shelving scheme |
|
| Koha item type |
წიგნი |